000 00611nam a2200217Ia 4500
005 20241129110011.0
008 241129s9999||||xx |||||||||||||| ||und||
020 _a978-1-032-01228-5
037 _aTB
040 _aARTS
_beng
_cARTS
041 _aeng
_2eng
084 _aX:8 R3
_qARTS
100 _aGoldman Bentzy Au.
_9726802
245 0 _aTeam analytics: the future of high=performance teams and project success
_cGoldman Bentzy Au.
260 _aUK
_bRoutledge
_c2023
300 _axi,117p.
365 _aUKP
_b29.99
650 _aEconomics
942 _cTB
_hX:8 R3
999 _c1226936
_d1226936